<?xml version="1.0" encoding="UTF-8"?>
<marc:record xmlns:marc="http://www.loc.gov/MARC21/slim">
   <marc:leader>00000nam a2200000 a 4500</marc:leader>
   <marc:datafield ind1="1" ind2=" " tag="100">
      <marc:subfield code="a">Horstmann, Carola</marc:subfield>
      <marc:subfield code="4">aut</marc:subfield>
      <marc:subfield code="e">Verfasser/-in</marc:subfield>
   </marc:datafield>
   <marc:datafield ind1="1" ind2=" " tag="100">
      <marc:subfield code="a">Sauer, Nadine</marc:subfield>
      <marc:subfield code="4">trl</marc:subfield>
      <marc:subfield code="e">Übersetzer/-in</marc:subfield>
   </marc:datafield>
   <marc:datafield ind1="0" ind2="0" tag="245">
      <marc:subfield code="a">An itsy-bitsy spider named Rosetta</marc:subfield>
   </marc:datafield>
   <marc:datafield ind1="0" ind2="0" tag="245">
      <marc:subfield code="b">= Das Spinnlein Rosetta</marc:subfield>
   </marc:datafield>
   <marc:datafield ind1="0" ind2="0" tag="245">
      <marc:subfield code="c">texts and ill. by Carola Horstmann. Engl. transl. by Nadine Sauer</marc:subfield>
   </marc:datafield>
   <marc:datafield ind1=" " ind2="1" tag="264">
      <marc:subfield code="a">Neckarsteinach</marc:subfield>
      <marc:subfield code="b">Ed. Tintenfaß</marc:subfield>
      <marc:subfield code="c">2015</marc:subfield>
   </marc:datafield>
   <marc:datafield ind1="1" ind2=" " tag="520">
      <marc:subfield code="a">Angaben aus der Verlagsmeldung

An Itsy-Bitsy Spider Named Rosetta / Das Spinnlein Rosetta : Zweisprachige Ausgabe: Englisch und Deutsch / von Carola Horstmann

Itsy-bitsy Rosetta always weaves her nets differently, anything but “properly.”
When her mother finally realizes that the little spider just can’t work like the others,
she lets her find her own way. And not long afterwards, Rosetta catches something really unbelievable.
-----------
Die kleine Rosetta spinnt immerzu etwas anderes, nur keine Netze. Als die Mutter endlich versteht, dass es das kleine Spinnlein einfach nicht besser kann, erlaubt sie ihm zu spinnen, was es will. Es dauert nicht lange, und Rosetta macht einen ganz unglaublichen Fang …
</marc:subfield>
   </marc:datafield>
   <marc:datafield ind1=" " ind2=" " tag="020">
      <marc:subfield code="a">9783943052961</marc:subfield>
      <marc:subfield code="9">9783943052961</marc:subfield>
   </marc:datafield>
   <marc:datafield ind1=" " ind2=" " tag="041">
      <marc:subfield code="a">eng</marc:subfield>
   </marc:datafield>
   <marc:datafield ind1=" " ind2=" " tag="300">
      <marc:subfield code="a">47 S.</marc:subfield>
   </marc:datafield>
</marc:record>
